[Event "10th Las Palmas it"]
[Site "Las Palmas ESP"]
[Date "1981.06.??"]
[Round "10"]
[White "Larsen, Bent"]
[Black "Garcia Padron, Jose"]
[WhiteElo "2610"]
[BlackElo "2370"]
[Result "1-0"]
[EventDate "1981.06.20"]
[PlyCount "81"]

1.c4 Nf6 2.Nf3 c5 3.Nc3 b6 4.e3 g6 5.b3 Bg7 6.Bb2 O-O 7.Be2 Bb7 8.O-O d6 
9.Rc1 Nbd7 10.d4 Rc8 11.d5 a6 12.Rc2 Qc7 13.Rd2 Rcd8 14.h3 Rfe8 15.Qa1 Nf8
16.a4 h6 17.Rfd1 N8h7 18.Nh2 Bc8 19.Nf1 Bb7 20.Bd3 Bf8 21.Ng3 Bc8 22.Re2 
Bb7 23.f4 Bg7 24.Rf1 e5 25.dxe6 Rxe6 26.f5 Re5 27.fxg6 fxg6 28.Bxg6 Rg5 
29.Bxh7+ Nxh7 30.Nce4 Bxb2 31.Qxb2 Rg6 32.Rf4 Re8 33.Ref2 Re5 34.Qe2 Qe7 
35.Qf3 Rg7 36.Rg4 Rxg4 37.Qxg4+ Kh8 38.Rf4 Ng5 39.Nf6 Rxe3 40.h4 Nh3+ 41.
Kh2 1-0